Mechanics of materials (Record no. 3297)

000 -LEADER
fixed length control field 00538nam a2200217 i 4500
001 - CONTROL NUMBER
control field 3297
003 - CONTROL NUMBER IDENTIFIER
control field BD-DhUET
008 - FIXED-LENGTH DATA ELEMENTS--GENERAL INFORMATION
fixed length control field 800828s1981 nyua 001 0 eng
020 ## - INTERNATIONAL STANDARD BOOK NUMBER
International Standard Book Number 0070661782
020 ## - INTERNATIONAL STANDARD BOOK NUMBER
International Standard Book Number 0070042845
040 ## - CATALOGING SOURCE
Original cataloging agency DLC
Transcribing agency DLC
Modifying agency BD-DhUET
082 00 - DEWEY DECIMAL CLASSIFICATION NUMBER
Classification number 620.11
Item number BEE/1981
100 ## - MAIN ENTRY--PERSONAL NAME
Personal name Beer, Ferdinand P.
245 10 - TITLE STATEMENT
Title Mechanics of materials
250 ## - EDITION STATEMENT
Edition statement 1st ed.
260 ## - PUBLICATION, DISTRIBUTION, ETC. (IMPRINT)
Place of publication, distribution, etc. Auckland
Name of publisher, distributor, etc. McGraw-Hill
Date of publication, distribution, etc. 1981
300 ## - PHYSICAL DESCRIPTION
Extent xv, 616 p.
Other physical details il
650 #0 - SUBJECT ADDED ENTRY--TOPICAL TERM
Topical term or geographic name as entry element Strength of materials
700 1# - ADDED ENTRY--PERSONAL NAME
Personal name Johnston, E. Russell
942 ## - ADDED ENTRY ELEMENTS (KOHA)
Koha item type General Book
Holdings
Koha renewals Koha normalized classification for sorting Location (home branch) Koha date last seen Koha date last borrowed Koha item type Piece designation (barcode) Koha issues (times borrowed) Lost status Sublocation or collection (holding branch) Source of classification or shelving scheme Not for loan Shelving location Date acquired Price effective from Withdrawn status Damaged status Koha full call number Copy number
 620_110000000000000_BEE_1981Central Library, BUET2025-05-132025-04-29General Book595743 Central Library, BUET  Circulation section2014-10-252014-10-25  620.11/BEE/19811
 620_110000000000000_BEE_1981Central Library, BUET2025-04-222021-12-12General Book866765 Central Library, BUET  Circulation section2015-01-192015-01-19  620.11/BEE/19812
 620_110000000000000_BEE_1981Central Library, BUET2018-05-192018-05-13General Book595681 Central Library, BUET  Circulation section2015-04-192015-04-19  620.11/BEE/19813
 620_110000000000000_BEE_1981Central Library, BUET2015-04-19 General Book59565  Central Library, BUET  Circulation section2015-04-192015-04-19  620.11/BEE/19815
 620_110000000000000_BEE_1981Central Library, BUET2015-06-16 General Book84611  Central Library, BUET  Reading section2015-06-162015-06-16  620.11/BEE/19816
 620_110000000000000_BEE_1981Central Library, BUET2015-07-06 Rental Item59560  Central Library, BUET  Reading section2015-07-062015-07-06  620.11 BEE/19817